MARC

LEADER 00000nam0a2200000 4500
001 284179
005 20231101235653.0
020 |a RU  |b 85-5911 
035 |a (RuTPU)RU\TPU\book\308318 
090 |a 284179 
100 |a 20150212d1984 k y0rusy5003 ca 
101 0 |a rus 
102 |a RU 
105 |a y z 001zy 
200 1 |a Методы решения задач математического программирования и оптимального управления  |f Академия наук СССР (АН СССР), Сибирское отделение (СО), Сибирский энергетический институт им. Л. А. Мелентьева (СИЭ) ; под ред. А. П. Меренкова 
210 |a Новосибирск  |c Наука  |d 1984 
215 |a 233 с. 
300 |a Авт. указаны на обороте тит. л. 
320 |a Библиогр.: с. 228-233 
606 1 |a Оптимизации методы  |x (математика)  |2 stltpush  |3 (RuTPU)RU\TPU\subj\53318  |9 71633 
610 1 |a мтематическое программирование 
610 1 |a атоматическое управление оптимальное 
610 1 |a задачи 
610 1 |a методы 
610 1 |a решения 
610 1 |a аппроксимация 
610 1 |a линейное программирование 
610 1 |a оптимальное управление 
675 |a 519.85  |z rus  |v 3 
702 1 |a Меренков  |b А. П.  |g Анатолий Петрович  |4 340 
712 0 2 |a Академия наук СССР (АН СССР)  |b Сибирское отделение (СО)  |b Сибирский энергетический институт им. Л. А. Мелентьева (СИЭ)  |c (Иркутск)  |c (1960-1991)  |2 stltpush  |3 (RuTPU)RU\TPU\col\11908 
801 0 |a RU  |b RuMRKP  |c 19950704  |g psbo 
801 1 |a RU  |b 63413507  |c 20150212 
801 2 |a RU  |b 63413507  |c 20171005  |g RCR 
942 |c BK